Schnelle Mathematik - Potenzrechnen Level 06 - Statistiken

Allgemein
  • Dieses Quiz wurde 132 mal gespielt
  • Das Durchschnittsergebnis liegt bei 14 aus 20
Antwortstatistiken
Zahl Ergebnis % Korrekt
2⁸ 256
100%
2⁹ 512
100%
2¹¹ 2048
92%
81
92%
10⁴ 10000
91%
2⁶ 64
88%
10³ 1000
86%
2⁷ 128
86%
10² 100
85%
2¹² 4096
85%
64
83%
2¹⁰ 1024
82%
36
80%
4⁵ 1024
78%
216
73%
512
73%
64
71%
3⁴ 81
71%
49
70%
5⁴ 625
70%
343
69%
125
60%
5⁶ 15625
60%
3⁵ 243
60%
4⁶ 4096
60%
4⁴ 256
57%
8⁴ 4096
57%
5⁵ 3125
56%
3⁶ 729
54%
729
50%
6⁴ 1296
46%
3⁷ 2187
43%
3⁸ 6561
36%
9⁴ 6561
30%
7⁴ 2401
27%
Keine übereinstimmenden Quizze gefunden
Verteilung der Resultate
Anzahl Personen mit jedem Resultat
Perzentil nach korrekt beantworteten Fragen
Ihre Resultats-Entwicklung
Sie haben dieses Quiz noch nicht gespielt